Senin hakkın! / (Record no. 15439)

MARC details
000 -BAŞLIK
Sabit Uzunlukta Kontrol Alanı 00806nam a22002177a 4500
999 ## - SİSTEM KONTROL NUMARALARI (KOHA)
Koha Biblionumber 15439
Koha Biblioitemnumber 15439
003 - KONTROL NUMARASI IDENTIFIER
Denetim Alanı MIRAKIL
005 - SON İŞLEM TARİHİ VE ZAMANI
Denetim Alanı 20240219173403.0
008 - SABİT-BOY VERİ ELEMANLARI - GENEL BİLGİLER
Sabit Uzunlukta Kontrol Alanı 240219b tu ||||| |||| 00| 0 tur d
040 ## - KATALOGLAMA KAYNAK
Orijinal Kataloglama Ajansı TR-AnCHP
Metne Dönüştürmek Ajansı TR-AnCHP
041 ## - DİL KODU
Metin / Ses Parça Veya Ayrı Başlığın Dil Kodu tur
082 ## - DEWEY ONLU SINIFLANDIRMA NUMARASI
Sınıflandırma Numarası CHP 324.2372
Ürün Numarası C36s [t.y.]
090 ## - SINIFLAMA NUMARASI
Sınıflama Numarası BROŞÜR 619
245 10 - BAŞLIK TABLOSU
Başlık Senin hakkın! /
Sorumluluk Tablosu, Vb Kılıçdaroğlu Gönüllüleri , CHP.
260 ## - YAYIN, DAĞITIM, VB
Yayın, Dağıtım, Vb Yeri Ankara
Yayıncı, Dağıtıcı, Vs Adı CHP
Yayın, Dağıtım, Vb Tarihi [t.y.]
300 ## - FİZİKSEL TANIM
Kapsam 4 s.:
Diğer Fiziksel Ayrıntıları rnkl. fotg.
Boyutlar 21 sm.
600 14 - KONU KATMA GİRİŞ - KURUMSAL ADI
9 (RLIN) 1477
Kişisel Ad Kılıçdaroğlu, Kemal
Başlıklar Ve Bir Adla İlişkili Diğer Kelimeler CHP Genel Başkanı
Genel Alt Bölümü Propaganda ve ideolojiler
600 14 - KONU KATMA GİRİŞ - KURUMSAL ADI
9 (RLIN) 1477
Kişisel Ad Kılıçdaroğlu, Kemal
Başlıklar Ve Bir Adla İlişkili Diğer Kelimeler CHP Genel Başkanı
Genel Alt Bölümü Seçim kampanyaları, 2023
651 #0 - KONU KATMA GİRİŞ - COĞRAFİ ADI
9 (RLIN) 5416
Coğrafi İsim Türkiye
Genel Alt Bölümü Siyaset ve yönetim
Kronolojik Alt Bölümü 2023-
856 ## - ELEKTRONİK YER VE ERİŞİM
Kamu Notu Dijital Nüshası için Partimizin Kütüphane Sorumlusu ile iletişime geçiniz.
942 ## - EKLENDİ GİRİŞ ELEMANLARI (KOHA)
Sınıflandırma Veya Raf Düzeni Kaynak Dewey Decimal Classification
Koha Öğesi Türü Books
Holdings
Kalıcı Konum Mevcut Konum Edinme Tarihi Toplam Check-Out'Lar Tam Çağrı Numarası Barkod Tarih Son Görülme İtibaren Geçerli Fiyatlar Koha Öğesi Türü Kopya Sayısı
CHP Kütüphanesi CHP Kütüphanesi 02/19/2024   BROŞÜR 619 21061 02/19/2024 02/19/2024 Visual Material  
CHP Kütüphanesi CHP Kütüphanesi 02/19/2024   BROŞÜR 619 21062 02/19/2024 02/19/2024 Visual Material 4
CHP Kütüphanesi CHP Kütüphanesi 02/19/2024   BROŞÜR 619 21063 02/19/2024 02/19/2024 Visual Material 4
CHP Kütüphanesi CHP Kütüphanesi 02/19/2024   BROŞÜR 619 21064 02/19/2024 02/19/2024 Visual Material 4